Technology Of Dairy Plant Operations : (Record no. 615198)

MARC details
000 -LEADER
fixed length control field 00505nam a2200193 a 4500
008 - FIXED-LENGTH DATA ELEMENTS--GENERAL INFORMATION
fixed length control field 260221s2008##################000#0#eng##
020 ## - INTERNATIONAL STANDARD BOOK NUMBER
ISBN 9788177543315
082 04 - DEWEY DECIMAL CLASSIFICATION NUMBER
Classification number 338.47637
Item number SAN
100 1# - MAIN ENTRY--AUTHOR NAME
Personal name Sangwan, K.P.S.,
245 10 - TITLE STATEMENT
Title Technology Of Dairy Plant Operations :
260 ## - PUBLICATION, DISTRIBUTION, ETC. (IMPRINT)
Year of publication 2008.
300 ## - PHYSICAL DESCRIPTION
Number of Pages 512 pages
650 #0 - SUBJECT ADDED ENTRY--TOPICAL TERM
Topical Term Dairy Plant Operations.
942 ## - ADDED ENTRY ELEMENTS (KOHA)
Koha item type English Books
Holdings
Withdrawn status Lost status Damaged status Not for loan Home library Current library Shelving location Date acquired Full call number Accession Number Price effective from Koha item type
        Anna Centenary Library Anna Centenary Library 4TH FLOOR, A WING 21.02.2026 338.47637 SAN 328617 21.02.2026 English Books

Find us on the map